书目信息 |
| 题名: |
元人杂剧钧沈
|
|
| 作者: | 赵景深 辑 | |
| 分册: | ||
| 出版信息: | 上海 古典文学出版社 1956 |
|
| 页数: | 179页 | |
| 开本: | 20cm | |
| 丛书名: | ||
| 单 册: | ||
| 中图分类: | I207.37 | |
| 科图分类: | 43.241 | |
| 主题词: | 杂剧-文学研究--中国--元代 , 文学研究-杂剧--中国--元代 | |
| 电子资源: | ||
| ISBN: | ||
| 000 | 00686nam0 2200253 45 | |
| 001 | 0198028950 | |
| 005 | 20070802102323.09 | |
| 010 | @dCNY0.53 | |
| 091 | @a10080.22 | |
| 100 | @a19980526d1956 kemy0chiy0121 ea | |
| 101 | 0 | @achi |
| 102 | @aCN@b310000 | |
| 105 | @ay z 000yy | |
| 200 | 10 | @a元人杂剧钧沈@Ayuan ren za ju jun shen@e+@f赵景深辑@Fzhao jing shen ji |
| 210 | @a上海@c古典文学出版社@d1956 | |
| 215 | @a179页@d20cm | |
| 517 | 1 | @a+@A |
| 606 | @a杂剧-文学研究@y中国@z元代 | |
| 606 | @a文学研究-杂剧@y中国@z元代 | |
| 690 | @aI207.37@v3 | |
| 692 | @a43.241@v2 | |
| 701 | 0 | @a赵景深@Azhao jing shen@4辑 |
| 801 | 0 | @aCN@bTSSF@c20070802 |
| 905 | @a10447@dI207.37@e110 | |
| 元人杂剧钧沈:+/赵景深辑.-上海:古典文学出版社,1956 |
| 179页;20cm |
| ISBN :CNY0.53 |
| ● |
| 相关链接 |
|
|
|
|
正题名:元人杂剧钧沈
索取号:I207.37/110
 
预约/预借
| 序号 | 登录号 | 条形码 | 馆藏地/架位号 | 状态 | 备注 |
| 1 | 0790830 | 207908308 | 第一样本阅览室/ [索取号:I207.37/110] | 在馆 |